00689nam a2200169Ia 4500008004100000020001500041041000800056082001800064100006900082245014600151250000600297260003500303300001100338650003500349999001900384952011600403210716s2006 xx 000 0 und d a0471705225 aeng a658.4038 TURE aTurban, Efraim;Leidner, Dorothy;Mclean, Ephraim;Wetherbe, James. aInformation technology for management: transforming organizations in the digital economy.bTransforming organizations in the digital economy. a5 aUSAbJohn Wiley and Sonsc2006 axv,724 aManagement Information Systems c202901d202901 00102ddc40738MBAaAIMITbAIMITd2008-12-01l0o658.4038 TUREpMBA05467r2025-07-21 00:00:00w2021-07-16yBK